Structural concepts and systems for architects and engineers (Record no. 549264)

000 -LEADER
fixed length control field 00503nam a2200169Ia 4500
020 ## - INTERNATIONAL STANDARD BOOK NUMBER
International Standard Book Number 0442259034(hb)
082 ## - DEWEY DECIMAL CLASSIFICATION NUMBER
Classification number 721
Author Mark LIN
-- L-37, P-32
100 ## - MAIN ENTRY--PERSONAL NAME
Personal name Lin, T.Y.
9 (RLIN) 42964
245 ## - TITLE STATEMENT
Title Structural concepts and systems for architects and engineers
250 ## - EDITION STATEMENT
Edition statement 2nd ed.
260 ## - PUBLICATION, DISTRIBUTION, ETC.
Place of publication, distribution, etc. New York:
Name of publisher, distributor, etc. Van Nostrand Reinhold Company,
Date of publication, distribution, etc. 1988
300 ## - PHYSICAL DESCRIPTION
Extent 507p. :ill
526 ## - STUDY PROGRAM INFORMATION NOTE
Program name 0
Interest level 0
Reading level 0
Title point value 721_000000000000000_LIN
650 ## - SUBJECT ADDED ENTRY--TOPICAL TERM
Topical term or geographic name entry element Structural Design
700 ## - ADDED ENTRY--PERSONAL NAME
Personal name Stotesbury, Sidney D.
9 (RLIN) 45824
942 ## - ADDED ENTRY ELEMENTS (KOHA)
Source of classification or shelving scheme
Koha item type Book
Holdings
Withdrawn status Lost status Source of classification or shelving scheme Damaged status Not for loan Permanent Location Current Location Date acquired Total Checkouts Full call number Barcode Date last seen Price effective from Koha item type
          Military College of Engineering (MCE) Military College of Engineering (MCE) 09/22/2014   721 LIN MCE-28726 09/22/2014 09/22/2014 Book
© 2023 Central Library, National University of Sciences and Technology. All Rights Reserved.